000 00766 a2200217 4500
010 _a 2005058022
020 _a0849372135 (alk. paper)
020 _a9780849372131
035 _a(OCoLC)ocm62341654
040 _aDLC
_bDLC
082 0 0 _a005.8/2
245 0 0 _aMultimedia watermarking techniques and applications
_ceditors-in-chief and authors, Borko Furht, Darko Kirovski
260 _aBoca Raton, FL :
_bAuerbach Publications,
_c2006.
300 _a452 p. :
_bill. ;
_c25 cm.
650 0 _aMultimedia systems
_xSecurity measures.
650 0 _aDigital watermarking.
700 1 _aFurht, Borivoje.
700 1 _aKirovski, Darko.
856 4 2 _3Publisher description
_uhttp://www.loc.gov/catdir/enhancements/fy0654/2005058022-d.html
942 _cBK
_k005.8 FUR
_2ddc
999 _c6690
_d6690